Vida de Pio IX (Registro nro. 303489)

Detalles MARC
000 -ENCABEZADO
Número de control [NR] 01174nam a2200229 4500
005 - FECHA Y HORA DE LA ÚLTIMA TRANSACCIÓN
control field 20160523160856.0
008 - DE LONGITUD FIJA DE DATOS DE ELEMENTOS - INFORMACIÓN GENERAL
Elementos de longitud fija [NR] 160523s1878 ck |||fr|||| 000 0 spa d
040 ## - FUENTE DE CATALOGACION [NR]
Agencia de catalogación original [NR] CO-BoUCM
Idioma de catalogación [NR] spa
Quien Cataloga Sandra Yazo
Quien Clasifica Sandra Yazo
082 04 - NUMERO DE CLASIFICACION DECIMAL DEWEY [R]
Número de la edición [NR] 20
Número de clasificación [R] 922.22
092 ## - SIGNATURA TOPOGRAFICA LOCAL
Número de clasificación local E40N019
100 1# - ASIENTO PRINCIPAL--NOMBRE PERSONAL [NR]
ID Autoridad 37195
Nombre personal [NR] Carrasquilla, Rafael María
Fechas asociadas con el nombre [NR] 1857-1930 ‎
245 10 - MENCION DE TITULO [NR]
Título [NR] Vida de Pio IX
Mención de responsabilidad, etc. [NR] por R. M. C.
260 ## - PUBLICACION, DISTRIBUCION, ETC. (PIE DE IMPRENTA) [R]
Lugar de publicación, distribución, etc. [R] Bogotá (Colombia)
Nombre del editor, distribuidor, etc. [R] Imprenta de F. Torres Amaya
Fecha de publicación, distribución, etc. [R] 1878
300 ## - DESCRIPCION FISICA [R]
Extensión [R] vi, 258 páginas
Dimensiones [R] 17 x 22 cm.
500 ## - NOTA GENERAL [R]
Nota general [NR] Detalles físicos: Encuadernación rígida en cartón forrado en cuero. Tapas y lomo con adornos repujados y en dorado. Guardas simulando papel de agua. Hoja de cortesía. Portada impresa en una sola tinta y suelta. Texto impreso en una sola tinta con algunas notas al pie de página. Papel muy manchado. Varias hojas sueltas. Cortes pintados en dorado. Algunas hojas mal recortadas en el borde inferior
506 ## - NOTA DE RESTRICCIONES DE ACCESO [R]
Condiciones de acceso [NR] Consulta en sala
600 1# - ASIENTO SECUNDARIO DE MATERIA - NOMBRE PERSONAL [R]
Nombre personal [NR] Pío
Numeración [NR] IX,
Títulos y otras palabras asociadas con el nombre [R] Papa, Beato
Subdivisión general [R] Biografías
9 (RLIN) 77376
650 #7 - ASIENTO SECUNDARIO DE MATERIA - TERMINO TEMATICO [R]
9 (RLIN) 20982
Término temático o nombre geográfico como elemento de entrada [NR] Padres de la iglesia
Subdivisión general [R] Biografías
650 #7 - ASIENTO SECUNDARIO DE MATERIA - TERMINO TEMATICO [R]
9 (RLIN) 7894
Término temático o nombre geográfico como elemento de entrada [NR] Papas
Subdivisión general [R] Biografías
690 ## - ASUNTO AGREGADO LOCAL DE ENTRADA - TÉRMINO TEMÁTICO (OCLC, RLIN)
Acceso temático local Biografías
9 (RLIN) 7343
942 ## - ELEMENTOS DE ENTRADA AGREGADOS (KOHA)
Sistema de clasificación LOCAL
Tipo de ítem principal el descrito en 300a Libro
Edición 1
Clasificación E40N019
Existencias
Suprimido Perdido Sistema de clasificación Dañado No prestable Tipo de ítem específico Ubicación habitual Ubicación actual Localización Fecha de creación Forma de adquisición Costo Total préstamos Signatura topográfica Código de barras Última vez visto Ejemplar Price effective from Tipo de ítem
    LOCAL     Libro archivo Archivo Histórico Archivo Histórico Archivo histórico 23/05/2016 Donación 0.00   E40N019 L005670 23/05/2016 Ej.1 23/05/2016 Libro